|
|
|
|
| LEADER |
03619nam a2200793 4500 |
| 001 |
ocn767579247 |
| 003 |
OCoLC |
| 005 |
20170124070158.5 |
| 006 |
m o d |
| 007 |
cr |n||||||||| |
| 008 |
110413s2011 enk ob 001 0 eng d |
| 010 |
|
|
|z 2011015846
|
| 040 |
|
|
|a CDX
|b eng
|e pn
|c CDX
|d IDEBK
|d E7B
|d N$T
|d YDXCP
|d EBLCP
|d OCLCQ
|d TEFOD
|d OCLCQ
|d DG1
|d OCLCF
|d OCLCQ
|d UKDOC
|d OCLCQ
|d NLGGC
|d OCLCQ
|d VMC
|d Z5A
|d TEFOD
|d OCLCQ
|d COO
|d OCLCQ
|d DEBBG
|d D6H
|d AZK
|d GrThAP
|
| 019 |
|
|
|a 754329730
|a 759159241
|a 789478212
|a 961672381
|a 962611814
|
| 020 |
|
|
|a 9781444346039
|q (electronic bk.)
|
| 020 |
|
|
|a 1444346032
|q (electronic bk.)
|
| 020 |
|
|
|a 9781444346046
|q (electronic bk.)
|
| 020 |
|
|
|a 1444346040
|q (electronic bk.)
|
| 020 |
|
|
|a 9781118785324
|q (electronic bk.)
|
| 020 |
|
|
|a 1118785320
|q (electronic bk.)
|
| 020 |
|
|
|a 1444346059
|q (eMobi ebook)
|
| 020 |
|
|
|a 9781444346053
|q (eMobi ebook)
|
| 020 |
|
|
|z 1405199288
|
| 020 |
|
|
|z 9781405199285
|
| 020 |
|
|
|z 9781444346053
|q (Mobi)
|
| 024 |
8 |
|
|a 9786613258458
|
| 029 |
1 |
|
|a AU@
|b 000048531826
|
| 029 |
1 |
|
|a AU@
|b 000053284736
|
| 029 |
1 |
|
|a DKDLA
|b 820120-katalog:000587903
|
| 029 |
1 |
|
|a NZ1
|b 14792717
|
| 029 |
1 |
|
|a NZ1
|b 14837011
|
| 029 |
1 |
|
|a DEBBG
|b BV043393789
|
| 035 |
|
|
|a (OCoLC)767579247
|z (OCoLC)754329730
|z (OCoLC)759159241
|z (OCoLC)789478212
|z (OCoLC)961672381
|z (OCoLC)962611814
|
| 037 |
|
|
|a 325845
|b MIL
|
| 037 |
|
|
|a 6A79247B-3881-4CA7-9284-F3DE98A18D18
|b OverDrive, Inc.
|n http://www.overdrive.com
|
| 050 |
|
4 |
|a RJ245
|b .C368 2011eb
|
| 060 |
|
4 |
|a WY 159
|
| 072 |
|
7 |
|a MED
|x 058080
|2 bisacsh
|
| 082 |
0 |
4 |
|a 618.92/00231
|
| 049 |
|
|
|a MAIN
|
| 245 |
0 |
0 |
|a Care planning in children and young people's nursing /
|c edited by Doris Corkin, Sonya Clarke, Lorna Liggett.
|
| 264 |
|
1 |
|a Chichester, West Sussex, UK :
|b Wiley-Blackwell,
|c 2011.
|
| 300 |
|
|
|a 1 online resource (pages)
|
| 336 |
|
|
|a text
|b txt
|2 rdacontent
|
| 337 |
|
|
|a computer
|b c
|2 rdamedia
|
| 338 |
|
|
|a online resource
|b cr
|2 rdacarrier
|
| 504 |
|
|
|a Includes bibliographical references and index.
|
| 505 |
0 |
|
|a Section 1. Principles of care planning -- section 2. Care planning : pain management -- section 3. Care of children and young persons with special needs -- section 4. Care of neonates and children with respiratory disorders -- section 5. Care of infants and young persons with cardiac conditions -- section 6. Care planning : surgical procedures -- section 7. Care of infants and young persons with orthopaedic conditions -- section 8. Care of the gastrointestinal tract in infants and children -- section 9. Care of children and young persons with endocrine disorders -- section 10. Care of infants and young persons with skin conditions -- section 11. Care of children and young persons with life-limiting conditions.
|
| 588 |
0 |
|
|a Print version record.
|
| 650 |
|
0 |
|a Pediatric nursing.
|
| 650 |
|
0 |
|a Nursing care plans.
|
| 650 |
|
7 |
|a MEDICAL
|x Nursing
|x Pediatric & Neonatal.
|2 bisacsh
|
| 650 |
|
7 |
|a Nursing care plans.
|2 fast
|0 (OCoLC)fst01041880
|
| 650 |
|
7 |
|a Pediatric nursing.
|2 fast
|0 (OCoLC)fst01056451
|
| 650 |
|
2 |
|a Patient Care Planning.
|
| 650 |
|
2 |
|a Pediatric Nursing
|x methods.
|
| 650 |
|
2 |
|a Adolescent.
|
| 650 |
|
2 |
|a Child.
|
| 650 |
|
2 |
|a Nursing Care
|x methods.
|
| 650 |
|
2 |
|a Risk Assessment.
|
| 655 |
|
4 |
|a Electronic resource.
|
| 655 |
|
4 |
|a Electronic books.
|
| 655 |
|
4 |
|a E-books.
|
| 700 |
1 |
|
|a Corkin, Doris.
|
| 700 |
1 |
|
|a Clarke, Sonya.
|
| 700 |
1 |
|
|a Liggett, Lorna.
|
| 776 |
0 |
8 |
|i Print version:
|z 9786613258458
|w (DLC) 2011015846
|
| 856 |
4 |
0 |
|u https://doi.org/10.1002/9781118785324
|z Full Text via HEAL-Link
|
| 994 |
|
|
|a 92
|b DG1
|